Geography Trivia (easy) - Statistics

General Stats
  • This quiz has been taken 55 times
  • The average score is 10 of 11
Answer Stats
Question Answer % Correct
What is the most populous world country? China
98%
What is the capital of Russia? Moscow
98%
What's the biggest country in the world? Russia
98%
The capital of this country is New Delhi. It's predicted to become the most populous country in next 5 years. What is the mysterious country? India
96%
What is the capital of USA? Washington
94%
How many oceans are there? 5
92%
How many US states are there? 50
92%
What is the biggest ocean in the world? Pacific
86%
What is the smallest world country? Vatican
86%
What is the biggest US state? Alaska
78%
How many countries are there (UN recognized) 193
50%
No matching quizzes found
Score Distribution
Percent of People with Each Score
Percentile by Number Answered
Your Score History
You have not taken this quiz